Indian Economy : (Record no. 10589)
[ view plain ]
| 000 -LEADER | |
|---|---|
| fixed length control field | 00510cam a2200205ua 4500 |
| 001 - CONTROL NUMBER | |
| control field | 11806 |
| 005 - DATE AND TIME OF LATEST TRANSACTION | |
| control field | 20260515114812.0 |
| 008 - FIXED-LENGTH DATA ELEMENTS--GENERAL INFORMATION | |
| fixed length control field | 191108n ii |||gr||||Z||||||eng |
| 040 ## - CATALOGING SOURCE | |
| Transcribing agency | MAIN |
| 041 ## - LANGUAGE CODE | |
| Language code of text/sound track or separate title | eng |
| 082 ## - DEWEY DECIMAL CLASSIFICATION NUMBER | |
| Classification number | 330.95 |
| 100 ## - MAIN ENTRY--PERSONAL NAME | |
| Personal name | P.K Dhar . , |
| Relator term | Author. |
| 245 ## - TITLE STATEMENT | |
| Title | Indian Economy : |
| Remainder of title | its growing dimension / |
| Statement of responsibility, etc. | By P.K Dhar . |
| 250 ## - EDITION STATEMENT | |
| Edition statement | 16th ed. |
| 260 ## - PUBLICATION, DISTRIBUTION, ETC. | |
| Place of publication, distribution, etc. | New Delhi: |
| Name of publisher, distributor, etc. | Kalyani Publishers, |
| Date of publication, distribution, etc. | 2008. |
| 300 ## - PHYSICAL DESCRIPTION | |
| Extent | 1030p. |
| 653 ## - INDEX TERM--UNCONTROLLED | |
| Uncontrolled term | Economics |
| 653 ## - INDEX TERM--UNCONTROLLED | |
| Uncontrolled term | Indian Economy |
| 942 ## - ADDED ENTRY ELEMENTS (KOHA) | |
| Koha item type | Books |
| Withdrawn status | Lost status | Damaged status | Not for loan | Home library | Current library | Shelving location | Date acquired | Total checkouts | Full call number | Barcode | Date last seen | Date last checked out | Copy number | Price effective from | Koha item type |
|---|---|---|---|---|---|---|---|---|---|---|---|---|---|---|---|
| Naharkatiya College Library | Naharkatiya College Library | General stacks | 09/19/2020 | 8 | 330.95Econimics | DHA | 17741 | 01/17/2023 | 11/04/2022 | 1 | 09/19/2020 | Books |